000 00658nam a2200181Ia 4500
008 100920s9999 xx 000 0 und d
082 _b92526
_a--- न 04
100 _aभट रविंद्र.
245 _aसागरा प्राण तळमळला.
260 _bइंद्रायणी साहित्य प्रकाशन पुणे 30.
_c2004
300 _a364
_bसाधी
365 _b160
520 _aकादंबरी.
630 _aसागरा प्राण तळमळला.
650 _aकादंबरी.
730 _aसागरा प्राण तळमळला.
942 _cBOOK
999 _c732972
_d732969